Band Names by Synonyms #1 - Statistics

General Stats
  • This quiz has been taken 52 times
  • The average score is 5 of 18
Answer Stats
Hint Answer % Correct
Ally in Shackles Alice in Chains
86%
Trash Garbage
73%
Awful Faith Bad Religion
32%
Smudge Blur
30%
The Children The Offspring
30%
June's Dependency Jane's Addiction
27%
Always Transparent Everclear
25%
The Sweaters The Cardigans
25%
Our Woman Tranquility Our Lady Peace
20%
Shiny Seat Silverchair
20%
Audio Young Sonic Youth
20%
Totally Certain No Doubt
18%
Apparatus Tool
14%
Sadness Journeyer Blues Traveler
11%
Killer Slayer
11%
The Gusto The Verve
5%
The Introverts The Wallflowers
5%
Joint Vitality Collective Soul
2%
No matching quizzes found
Score Distribution
Percent of People with Each Score
Percentile by Number Answered
Your Score History
You have not taken this quiz